000 00336nam a22001453 4500
001 206862
005 20250707140212.0
090 _a206862
100 _a20250707 ukry50
101 _aukr
102 _aUA
200 _a
210 _d2025
801 _2unimarc
_aUA
_gpsbo
942 _cNEWSPAPER